000 00717nam a2200229Ia 4500
001 17085
003 GE_BSU
008 181216s||||||||xx |||||||||||||| ||und||
040 _cGE_BSU
080 _a821.353.1-1
100 _aაბაშიძე, გრიგოლ (1914-1994)
245 _aოქროს ვენახი
245 _b[ლექსები
245 _cრედ.რ.მარგიანი
260 _aთბილისი
260 _bლიტერატურა და ხელოვნება
260 _c1966
300 _a84გვ. :1ფ.პორტრ.20სმ
653 _aლექსები
653 _aოქროს ვენახი
942 _cBK
999 _c50147
_d50147